<?xml version="1.0" encoding="UTF-8"?>
<collection xmlns="http://www.loc.gov/MARC21/slim">
  <record>
    <leader>00000nam  2200000   4500</leader>
    <controlfield tag="001">INLIS000000000000849</controlfield>
    <controlfield tag="005">20180724140418</controlfield>
    <controlfield tag="008">180724|||||||||   |   |||   |||| ||   | </controlfield>
    <datafield tag="035" ind1=" " ind2=" ">
      <subfield code="0">010-0718000849</subfield>
    </datafield>
    <datafield tag="041" ind1=" " ind2=" ">
      <subfield code="a">id</subfield>
    </datafield>
    <datafield tag="082" ind1=" " ind2=" ">
      <subfield code="a">006</subfield>
    </datafield>
    <datafield tag="090" ind1=" " ind2=" ">
      <subfield code="a">R 006 PIM I 2015</subfield>
    </datafield>
    <datafield tag="100" ind1=" " ind2=" ">
      <subfield code="a">Rotinsulu</subfield>
    </datafield>
    <datafield tag="245" ind1=" " ind2=" ">
      <subfield code="a">Optimalisasi Badan Penghubung Sebagai Pusat Informasi dan Promosi Daerah Propinsi Sulawesi Utara</subfield>
    </datafield>
    <datafield tag="260" ind1=" " ind2=" ">
      <subfield code="a">Jakarta</subfield>
      <subfield code="b">LAN Jakarta</subfield>
      <subfield code="c">2015</subfield>
    </datafield>
    <datafield tag="300" ind1=" " ind2=" ">
      <subfield code="a">65 hlm. lamp.</subfield>
    </datafield>
    <datafield tag="500" ind1=" " ind2=" ">
      <subfield code="a">Strategi komunikasi yang dibangun adalah terbuka; merupakan bentuk komunikasi yang mengedepankan kejujuran dan tranparansi dalam menyampaikan pendapat dan hal-hal yang berkaitan dengan Proyek Perubahan agar dapat diterima dengan baik oleh para stakeholder dan terstruktur; merupakan bentuk komunikasi yang tersusun berdasarkan sistematika tahapan pelaksanaan Proyek Perubahan dengan tujuan agar alur pelaksanaan Proyek Perubahan dapat dimengerti dan diterima oleh para stakeholder.</subfield>
    </datafield>
    <datafield tag="650" ind1=" " ind2=" ">
      <subfield code="a">Informasi</subfield>
    </datafield>
  </record>
</collection>
